Normal view
MARC view
Entry Personal Name
001 - CONTROL NUMBER
- control field: 14014
003 - CONTROL NUMBER IDENTIFIER
- control field: BD-RjUL
005 - DATE AND TIME OF LATEST TRANSACTION
- control field: 20241031102056.0
008 - FIXED-LENGTH DATA ELEMENTS
- fixed length control field: 241031|| aca||aabn | a|a d
040 ## - CATALOGING SOURCE
- Original cataloging agency: BD-RjUL
- Transcribing agency: BD-RjUL
100 ## - HEADING--PERSONAL NAME
- Personal name: Marlowe, John
670 ## - SOURCE DATA FOUND
- Source citation: Work cat.: (BD-RjUL)84200: Marlowe, John., Rebellion in Palestine /, 1946.